[Event "Asia-chT rapid"]
[Site "Hong Kong"]
[Date "2024.08.24"]
[Round "10.31"]
[White "Cheung, Hei Ming"]
[Black "Wu, Haoyan"]
[Result "0-1"]
[WhiteElo "1656"]
[BlackElo "2062"]
[PlyCount "66"]
[EventDate "2024.08.22"]
[EventType "team-swiss (rapid)"]
[EventRounds "11"]
[EventCountry "HKG"]
[SourceTitle "CB35_2024"]
[SourceDate "2024.08.28"]
[SourceVersion "1"]
[SourceVersionDate "2024.08.28"]
[SourceQuality "1"]
[WhiteTeam "The Yappers"]
[BlackTeam "Team Sky"]
[WhiteTeamCountry "HKG"]
[BlackTeamCountry "CHN"]

1. e4 c6 2. Nc3 d5 3. Nf3 e6 4. d4 Nf6 5. e5 Nfd7 6. Be3 c5 7. dxc5 Nc6 8. a3 Bxc5 9. Bxc5 Nxc5 10. b4 Nd7 11. Bb5 Qc7 12. Bxc6 bxc6 13. Qd4 Ba6 14. Na4 Bb5 15. Nc5 Nxc5 16. Qxc5 a5 17. c3 Qe7 18. Qxe7+ Kxe7 19. Kd2 f6 20. Rhe1 Rhf8 21. Re3 axb4 22. cxb4 fxe5 23. Rxe5 Kd6 24. Rae1 Rxa3 25. Rxe6+ Kc7 26. Re7+ Kb6 27. Rxg7 Ra2+ 28. Kc1 Rxf2 29. Ree7 Ba6 30. Ne5 Rf1+ 31. Kb2 R8f2+ 32. Kc3 Rc1+ 33. Kb3 Bc4+ 0-1

[Event "Asia-chT rapid"]
[Site "Hong Kong"]
[Date "2024.08.23"]
[Round "7.19"]
[White "Wu, Haoyan"]
[Black "Hoang, Thi Bao Tram"]
[Result "0-1"]
[WhiteElo "2062"]
[BlackElo "2205"]
[PlyCount "22"]
[EventDate "2024.08.22"]
[EventType "team-swiss (rapid)"]
[EventRounds "11"]
[EventCountry "HKG"]
[SourceTitle "CB35_2024"]
[SourceDate "2024.08.28"]
[SourceVersion "1"]
[SourceVersionDate "2024.08.28"]
[SourceQuality "1"]
[WhiteTeam "Team Sky"]
[BlackTeam "Ho Chi Minh"]
[WhiteTeamCountry "CHN"]
[BlackTeamCountry "VIE"]

1. e4 c6 2. c4 g6 3. d4 Bg7 4. Nc3 c5 5. Be3 cxd4 6. Bxd4 Nf6 7. e5 Nh5 8. Qd2 d6 9. exd6 Qxd6 10. Bxg7 Qd4 11. Qd3 Qxd3 0-1

[Event "Asia-chT rapid"]
[Site "Hong Kong"]
[Date "2024.08.22"]
[Round "4.13"]
[White "Laohawirapap, Prin"]
[Black "Wu, Haoyan"]
[Result "1/2-1/2"]
[WhiteElo "2380"]
[BlackElo "2062"]
[PlyCount "76"]
[EventDate "2024.08.22"]
[EventType "team-swiss (rapid)"]
[EventRounds "11"]
[EventCountry "HKG"]
[SourceTitle "CB35_2024"]
[SourceDate "2024.08.28"]
[SourceVersion "1"]
[SourceVersionDate "2024.08.28"]
[SourceQuality "1"]
[WhiteTeam "The Red Pseudodragon"]
[BlackTeam "Team Sky"]
[WhiteTeamCountry "PHI"]
[BlackTeamCountry "CHN"]

1. e4 c6 2. d4 d5 3. exd5 cxd5 4. Bd3 Nc6 5. c3 Nf6 6. Bf4 Bg4 7. Qb3 Qd7 8. Nd2 Nh5 9. Be3 e6 10. h3 Bf5 11. Bb5 Nf6 12. Ngf3 Bd6 13. Ne5 Bxe5 14. dxe5 Ne4 15. Nxe4 Bxe4 16. f3 Bg6 17. Qa3 a6 18. 0-0 Rc8 19. Bxc6 Rxc6 20. Bc5 Qc7 21. Bd6 Qb6+ 22. Kh1 f6 23. Rad1 Kf7 24. Rd4 Rhc8 25. Rb4 Qa7 26. Rd1 Rc4 27. Rd4 b5 28. Qa5 Rxb4 29. Rxb4 Bd3 30. Rd4 Bc2 31. Rb4 Bd3 32. a4 Qf2 33. Qxa6 Rc4 34. Qb7+ Kg6 35. Bf8 Qe1+ 36. Kh2 Qxe5+ 37. Kh1 Qe1+ 38. Kh2 Qe5+ 1/2-1/2